000 00485cam a22001697a 4500
008 180718b2009 xxu||||| |||| 00| 0 eng d
020 _a9788184571097
082 _aB3 J774g
245 _aGovernance reforms: challenges ahead
_cedited by T. M. Joseph
260 _aNew Delhi
_bKanishka
_c2009
300 _a250p.
650 _aAdministrative reforms
650 _aGovernance
650 _aAdministrative reorganization
650 _aPublic administration
700 _aJoseph, T. M.
999 _c435733
_d435733